UBT Library

Algebra : (Record no. 38898)

000 -LEADER
fixed length control field 00809cam a22002534a 4500
001 - CONTROL NUMBER
control field 15361602
005 - DATE AND TIME OF LATEST TRANSACTION
control field 20171214040834.0
008 - FIXED-LENGTH DATA ELEMENTS--GENERAL INFORMATION
fixed length control field 080710s2010 caua 001 0 eng
010 ## - LIBRARY OF CONGRESS CONTROL NUMBER
LC control number 2008932948
020 ## - INTERNATIONAL STANDARD BOOK NUMBER
International Standard Book Number 9780547197944 (student ed.)
020 ## - INTERNATIONAL STANDARD BOOK NUMBER
International Standard Book Number 0547197942 (student ed.)
020 ## - INTERNATIONAL STANDARD BOOK NUMBER
International Standard Book Number 9780547211015 (instructor's annotated ed.)
020 ## - INTERNATIONAL STANDARD BOOK NUMBER
International Standard Book Number 0547211015 (instructor's annotated ed.)
040 ## - CATALOGING SOURCE
Original cataloging agency DLC
Transcribing agency DLC
041 ## - LANGUAGE CODE
Language code of text/sound track or separate title eng
080 ## - UNIVERSAL DECIMAL CLASSIFICATION NUMBER
Universal Decimal Classification number 51 AUF
082 ## - DEWEY DECIMAL CLASSIFICATION NUMBER
Classification number 51 AUF
100 1# - Rafti
Rafti 36
101 ## - Shkurtesa
Shkurtesa MAT
245 10 - TITLE STATEMENT
Title Algebra :
Statement of responsibility, etc Richard N.Aufmann, Joanne S. Lockwood.
906 ## - LOCAL DATA ELEMENT F, LDF (RLIN)
a 7
b cbc
c orignew
d 3
e epcn
f 20
g y-gencatlg
942 ## - ADDED ENTRY ELEMENTS (KOHA)
Source of classification or shelving scheme
Item type Books
Holdings
Withdrawn status Lost status Source of classification or shelving scheme Damaged status Not for loan Collection code Permanent location Current location Shelving location Date acquired Total Checkouts Full call number Barcode Date last seen Price effective from Koha item type
          Koleksioni i përgjithshem UBT - Lipjan UBT - Lipjan Koleksioni i përgjithshem 12/14/2017   51 AUF 002-2939380 12/14/2017 12/14/2017 Books
UBT Library © 2015-2024. All rights reserved University Education for Business and Technology